| 000 | 00835cam a22002651 4500 | ||
|---|---|---|---|
| 001 | 27944 | ||
| 003 | BD-RjUL | ||
| 005 | 20211209051224.0 | ||
| 008 | 140329r19671930nyub b 001 0 eng d | ||
| 035 | _a(BD-RjUL) 28025 | ||
| 035 | _a(OCoLC)485426 | ||
| 040 |
_aDLC _cODaWU _dOCoLC _dDLC _dBD-RjUL _beng |
||
| 041 | _aeng | ||
| 082 | 0 | 0 |
_a989.205 _bBOO 1967 |
| 100 | 1 |
_aBox, Pelham Horton, _d1898-1937. _985714 |
|
| 245 | 1 | 4 |
_aThe origins of the Paraguayan War / _c Pelham Horton Box. |
| 260 |
_aNew York ; _bRussell & Russell, _c1930 [Reissed1967] |
||
| 300 |
_a345 p. : _bill. ; _c22 cm. |
||
| 500 | _aReprint of a thesis, University of Illinois, 1927. | ||
| 504 | _aBibliography: p. 300-326. and Index | ||
| 650 | 0 |
_aParaguayan War, 1865-1870. _985715 |
|
| 942 |
_2ddc _cBK |
||
| 999 |
_c27944 _d27944 |
||